[Event "MP do 18 lat - chlopcy"]
[Site "Sypniewo"]
[Date "2022.03.19"]
[Round "1.1"]
[White "Gradalski, Olaf"]
[Black "Czopor, Maciej"]
[Result "0-1"]
[BlackElo "2423"]
[WhiteElo "2051"]
[LiveChessVersion "1.4.8"]

1. e4 {[%clk 1:30:52]} c5 {[%clk 1:30:56]} 2. c3 {[%clk 1:31:17]} Nf6
{[%clk 1:31:01]} 3. e5 {[%clk 1:31:41]} Nd5 {[%clk 1:31:22]} 4. d4
{[%clk 1:31:47]} cxd4 {[%clk 1:31:40]} 5. Nf3 {[%clk 1:32:02]} e6
{[%clk 1:31:55]} 6. cxd4 {[%clk 1:32:22]} b6 {[%clk 1:32:10]} 7. Nc3
{[%clk 1:29:56]} Bb7 {[%clk 1:32:14]} 8. Bd3 {[%clk 1:29:46]} Be7
{[%clk 1:31:51]} 9. O-O {[%clk 1:27:39]} O-O {[%clk 1:31:44]} 10. Qe2
{[%clk 1:22:07]} Nxc3 {[%clk 1:31:17]} 11. bxc3 {[%clk 1:22:26]} d6
{[%clk 1:31:35]} 12. exd6 {[%clk 1:05:57]} Qxd6 {[%clk 1:31:58]} 13. a4
{[%clk 0:59:42]} Rc8 {[%clk 1:09:38]} 14. Ba3 {[%clk 0:41:16]} Qd8
{[%clk 1:08:31]} 15. Rfc1 {[%clk 0:28:27]} Bxa3 {[%clk 1:00:11]} 16. Rxa3
{[%clk 0:28:39]} Nc6 {[%clk 0:59:22]} 17. Be4 {[%clk 0:26:52]} Qe7
{[%clk 0:46:53]} 18. Raa1 {[%clk 0:25:09]} Na5 {[%clk 0:42:15]} 19. Nd2
{[%clk 0:22:50]} Rc7 {[%clk 0:39:13]} 20. Bxb7 {[%clk 0:20:58]} Nxb7
{[%clk 0:38:59]} 21. Nb3 {[%clk 0:16:12]} Rac8 {[%clk 0:36:49]} 22. Qa6
{[%clk 0:09:51]} Nd6 {[%clk 0:31:37]} 23. Qd3 {[%clk 0:08:18]} a5
{[%clk 0:18:20]} 24. Nd2 {[%clk 0:06:50]} Nc4 {[%clk 0:14:30]} 25. Rcb1
{[%clk 0:05:51]} Nxd2 {[%clk 0:13:00]} 26. Qxd2 {[%clk 0:06:16]} Rc6
{[%clk 0:07:14]} 27. h3 {[%clk 0:05:54]} Qc7 {[%clk 0:06:17]} 28. Ra3
{[%clk 0:05:49]} h6 {[%clk 0:06:32]} 29. Rab3 {[%clk 0:06:01]} Rxc3
{[%clk 0:06:07]} 30. Rxc3 {[%clk 0:04:51]} Qxc3 {[%clk 0:06:32]} 31. Qxc3
{[%clk 0:05:18]} Rxc3 {[%clk 0:06:56]} 32. Rxb6 {[%clk 0:05:44]} Rc4
{[%clk 0:07:12]} 33. d5 {[%clk 0:05:48]} exd5 {[%clk 0:07:24]} 34. Rb5
{[%clk 0:06:05]} Rxa4 {[%clk 0:07:39]} 35. Rxd5 {[%clk 0:06:28]} g6
{[%clk 0:02:41]} 36. Rd8+ {[%clk 0:06:01]} Kg7 {[%clk 0:03:06]} 37. Ra8
{[%clk 0:06:25]} h5 {[%clk 0:01:03]} 38. g3 {[%clk 0:06:42]} Kf6 {[%clk 0:01:07]}
39. Ra7 {[%clk 0:06:57]} Ke6 {[%clk 0:00:36]} 40. Kg2 {[%clk 0:37:21]} Ra1
{[%clk 0:30:34]} 41. Kf3 {[%clk 0:37:03]} a4 {[%clk 0:25:25]} 42. Kf4
{[%clk 0:31:05]} a3 {[%clk 0:19:32]} 43. h4 {[%clk 0:28:19]} Kd5 {[%clk 0:11:48]}
44. Rxf7 {[%clk 0:28:16]} Kc5 {[%clk 0:04:52]} 45. Ra7 {[%clk 0:27:12]} Kb4
{[%clk 0:05:11]} 46. Kg5 {[%clk 0:25:09]} Rc1 {[%clk 0:04:48]} 47. Kxg6
{[%clk 0:24:05]} Rc5 {[%clk 0:04:16]} 48. f4 {[%clk 0:19:08]} Ra5
{[%clk 0:04:36]} 49. Rb7+ {[%clk 0:16:28]} Kc3 {[%clk 0:04:55]} 50. Rb1
{[%clk 0:16:20]} a2 {[%clk 0:05:21]} 51. Ra1 {[%clk 0:16:34]} Kb2
{[%clk 0:05:46]} 52. Rxa2+ {[%clk 0:16:19]} Rxa2 {[%clk 0:05:57]} 53. Kxh5
{[%clk 0:15:46]} Kc3 {[%clk 0:06:08]} 54. f5 {[%clk 0:13:32]} Kd4
{[%clk 0:05:45]} 55. g4 Ke5 56. Kg6 {[%clk 0:10:28]} Ra6+ {[%clk 0:05:10]} 57.
Kg7 Ra4 {[%clk 0:04:39]} 58. g5 {[%clk 0:06:19]} Kxf5 {[%clk 0:05:05]} 59. g6
{[%clk 0:06:46]} Ra7+ {[%clk 0:03:42]} 60. Kh6 {[%clk 0:06:56]} Kf6
{[%clk 0:03:53]} 61. h5 {[%clk 0:07:20]} Ra5 {[%clk 0:04:02]} 62. g7
{[%clk 0:07:44]} 0-1

[Event "MP do 18 lat - chlopcy"]
[Site "Sypniewo"]
[Date "2022.03.19"]
[Round "1.2"]
[White "Niedbala, Bartlomiej"]
[Black "Bachor, Tomasz"]
[Result "1-0"]
[BlackElo "2041"]
[WhiteElo "2385"]
[LiveChessVersion "1.4.8"]

1. e4 {[%clk 1:30:56]} c6 {[%clk 1:29:06]} 2. d4 {[%clk 1:30:45]} d5
{[%clk 1:29:31]} 3. e5 {[%clk 1:31:11]} Bf5 {[%clk 1:29:47]} 4. Nf3
{[%clk 1:31:34]} e6 {[%clk 1:29:50]} 5. Be2 {[%clk 1:32:02]} c5 {[%clk 1:28:39]}
6. Be3 {[%clk 1:30:53]} Nd7 {[%clk 1:21:59]} 7. O-O {[%clk 1:25:45]} c4
{[%clk 1:04:14]} 8. b3 {[%clk 1:13:25]} b5 {[%clk 0:55:51]} 9. a4 a6
{[%clk 0:55:56]} 10. axb5 {[%clk 1:09:51]} axb5 11. Rxa8 {[%clk 0:52:01]} Qxa8
{[%clk 0:56:22]} 12. Nh4 {[%clk 0:49:43]} Ne7 {[%clk 0:37:30]} 13. Nc3
{[%clk 0:47:00]} Qc6 {[%clk 0:35:34]} 14. bxc4 {[%clk 0:40:36]} bxc4
{[%clk 0:32:21]} 15. Qb1 {[%clk 0:37:17]} Bg6 {[%clk 0:29:07]} 16. g4
{[%clk 0:32:39]} Nc8 {[%clk 0:27:14]} 17. f4 Be7 18. Nxg6 {[%clk 0:30:32]} hxg6
{[%clk 0:27:20]} 19. Bf3 {[%clk 0:27:28]} Ncb6 {[%clk 0:15:51]} 20. Qb5
{[%clk 0:22:47]} Qc7 {[%clk 0:14:15]} 21. f5 {[%clk 0:20:42]} O-O
{[%clk 0:12:41]} 22. fxe6 {[%clk 0:17:01]} fxe6 {[%clk 0:13:07]} 23. g5
{[%clk 0:16:29]} Qd8 {[%clk 0:07:14]} 24. Qc6 {[%clk 0:09:06]} Bxg5
{[%clk 0:07:25]} 25. Qxe6+ {[%clk 0:09:34]} Kh7 {[%clk 0:07:24]} 26. Qh3+
{[%clk 0:09:30]} Bh6 {[%clk 0:03:41]} 27. Kg2 {[%clk 0:05:27]} Rf5
{[%clk 0:03:20]} 28. Bg4 {[%clk 0:04:16]} Rxf1 {[%clk 0:03:22]} 29. Kxf1
{[%clk 0:04:45]} Qf8+ {[%clk 0:02:55]} 30. Ke2 {[%clk 0:05:14]} Qb4
{[%clk 0:02:57]} 31. Bxh6 {[%clk 0:05:27]} gxh6 {[%clk 0:03:06]} 32. Bxd7
{[%clk 0:05:46]} Qe7 {[%clk 0:02:40]} 33. Be6 {[%clk 0:05:56]} Qg5
{[%clk 0:03:04]} 34. Qf3 {[%clk 0:06:04]} 1-0

[Event "MP do 18 lat - chlopcy"]
[Site "Sypniewo"]
[Date "2022.03.19"]
[Round "1.3"]
[White "Czechowski, Jakub"]
[Black "Suder, Jakub"]
[Result "1/2-1/2"]
[BlackElo "2321"]
[WhiteElo "2036"]
[LiveChessVersion "1.4.8"]

1. d4 {[%clk 1:30:58]} d5 {[%clk 1:30:48]} 2. c4 {[%clk 1:31:22]} dxc4
{[%clk 1:31:14]} 3. Nf3 {[%clk 1:31:27]} a6 {[%clk 1:31:36]} 4. a4
{[%clk 1:31:43]} Nc6 {[%clk 1:31:21]} 5. e3 {[%clk 1:30:57]} e5 {[%clk 1:30:39]}
6. Bxc4 {[%clk 1:29:52]} e4 {[%clk 1:30:02]} 7. Qb3 {[%clk 1:25:47]} Na5
{[%clk 1:21:57]} 8. Bxf7+ {[%clk 1:25:43]} Ke7 {[%clk 1:22:19]} 9. Qa2
{[%clk 1:25:12]} exf3 {[%clk 1:20:03]} 10. Bxg8 {[%clk 1:25:35]} Rxg8
{[%clk 1:18:52]} 11. Qxg8 {[%clk 1:25:59]} fxg2 {[%clk 1:16:23]} 12. Rg1
{[%clk 1:26:23]} Be6 {[%clk 1:14:22]} 13. Qxh7 {[%clk 1:25:14]} Nb3
{[%clk 1:12:01]} 14. Ra3 {[%clk 1:25:33]} Nxc1 {[%clk 1:05:39]} 15. Nc3
{[%clk 1:13:38]} Ke8 {[%clk 0:51:15]} 16. Qe4 {[%clk 1:01:36]} Kf7
{[%clk 0:41:30]} 17. d5 {[%clk 0:57:53]} Bd7 {[%clk 0:40:48]} 18. Rxg2
{[%clk 0:49:48]} Qf6 {[%clk 0:38:32]} 19. Qc2 {[%clk 0:48:21]} Bxa3
{[%clk 0:31:03]} 20. bxa3 {[%clk 0:48:05]} c6 {[%clk 0:25:25]} 21. Qxc1
{[%clk 0:45:48]} cxd5 {[%clk 0:24:24]} 22. Qd2 {[%clk 0:44:48]} Rc8
{[%clk 0:22:05]} 23. Qxd5+ {[%clk 0:36:15]} Be6 {[%clk 0:15:07]} 24. Qxb7+
{[%clk 0:36:19]} Kg8 {[%clk 0:15:20]} 25. Nd1 {[%clk 0:36:40]} Rd8
{[%clk 0:13:42]} 26. f3 {[%clk 0:33:02]} Rd7 {[%clk 0:07:01]} 27. Qb8+
{[%clk 0:29:39]} Kh7 {[%clk 0:04:26]} 28. Qb1+ {[%clk 0:29:32]} g6
{[%clk 0:03:47]} 29. Qe4 {[%clk 0:24:44]} Bf5 {[%clk 0:01:53]} 30. Qb4
{[%clk 0:23:59]} Bh3 {[%clk 0:00:36]} 31. Rd2 {[%clk 0:21:14]} Rxd2
{[%clk 0:00:37]} 32. Kxd2 {[%clk 0:20:25]} Qxf3 {[%clk 0:00:50]} 33. Qe7+
{[%clk 0:20:14]} Kg8 {[%clk 0:00:51]} 34. Qd8+ {[%clk 0:20:29]} Kf7
{[%clk 0:00:47]} 35. Qc7+ {[%clk 0:20:51]} Kg8 {[%clk 0:00:36]} 36. Qb8+
{[%clk 0:20:52]} Kh7 {[%clk 0:00:49]} 37. Qa7+ {[%clk 0:21:13]} Kh6
{[%clk 0:01:06]} 38. Qxa6 {[%clk 0:20:08]} Bg4 {[%clk 0:00:41]} 39. Nb2
{[%clk 0:18:47]} Qf2+ {[%clk 0:00:49]} 40. Kc3 {[%clk 0:48:56]} Qxe3+
{[%clk 0:30:36]} 41. Nd3 {[%clk 0:47:00]} Qe7 {[%clk 0:28:32]} 42. Kb3
{[%clk 0:41:08]} Bd1+ {[%clk 0:28:06]} 43. Kb2 {[%clk 0:39:51]} Qc7
{[%clk 0:24:49]} 44. Nb4 {[%clk 0:38:01]} Qxh2+ {[%clk 0:23:26]} 45. Kc3
{[%clk 0:36:33]} Qe5+ {[%clk 0:21:24]} 46. Kd2 {[%clk 0:35:06]} Bb3
{[%clk 0:20:22]} 47. Qd3 {[%clk 0:32:00]} Qb2+ {[%clk 0:18:24]} 48. Nc2
{[%clk 0:32:25]} Bxc2 {[%clk 0:17:18]} 49. Qxc2 {[%clk 0:32:50]} 1/2-1/2

[Event "MP do 18 lat - chlopcy"]
[Site "Sypniewo"]
[Date "2022.03.19"]
[Round "1.4"]
[White "Baum, Jonasz"]
[Black "Skurniak, Szymon"]
[Result "1-0"]
[BlackElo "2032"]
[WhiteElo "2317"]
[LiveChessVersion "1.4.8"]

1. d4 {[%clk 1:30:57]} Nf6 {[%clk 1:30:51]} 2. c4 {[%clk 1:31:22]} g6
{[%clk 1:30:57]} 3. g3 {[%clk 1:31:28]} Bg7 {[%clk 1:31:18]} 4. Bg2
{[%clk 1:31:52]} d5 {[%clk 1:31:42]} 5. cxd5 {[%clk 1:32:14]} Nxd5
{[%clk 1:32:01]} 6. e4 {[%clk 1:32:19]} Nb6 {[%clk 1:32:11]} 7. Ne2
{[%clk 1:32:33]} O-O {[%clk 1:32:18]} 8. O-O {[%clk 1:32:45]} Nc6
{[%clk 1:20:45]} 9. d5 {[%clk 1:31:16]} Na5 {[%clk 1:20:22]} 10. Nbc3
{[%clk 1:28:43]} c6 {[%clk 1:17:13]} 11. Bf4 {[%clk 1:18:21]} cxd5
{[%clk 0:51:53]} 12. exd5 {[%clk 1:18:33]} Bg4 {[%clk 0:47:24]} 13. h3
{[%clk 1:15:35]} Bd7 {[%clk 0:38:28]} 14. b3 {[%clk 1:07:27]} e6 {[%clk 0:34:35]}
15. Rc1 {[%clk 0:42:22]} exd5 {[%clk 0:32:25]} 16. b4 {[%clk 0:36:13]} Nc6
{[%clk 0:27:27]} 17. Nxd5 {[%clk 0:34:13]} Nxd5 {[%clk 0:25:04]} 18. Qxd5
{[%clk 0:34:32]} Be6 {[%clk 0:21:31]} 19. Qb5 {[%clk 0:24:41]} Qb6
{[%clk 0:18:02]} 20. a4 {[%clk 0:23:59]} Nxb4 {[%clk 0:14:42]} 21. Qxb6
{[%clk 0:16:02]} axb6 {[%clk 0:14:34]} 22. Bd6 {[%clk 0:16:31]} Na2
{[%clk 0:14:07]} 23. Rc7 {[%clk 0:10:27]} Rfd8 {[%clk 0:12:22]} 24. Bxb7
{[%clk 0:05:20]} Ra7 {[%clk 0:04:57]} 25. Bg2 {[%clk 0:05:00]} Rxa4
{[%clk 0:04:23]} 26. Be7 {[%clk 0:05:29]} Rb8 {[%clk 0:03:35]} 27. Nf4
{[%clk 0:05:44]} Nc3 {[%clk 0:02:07]} 28. Nxe6 {[%clk 0:03:27]} fxe6
{[%clk 0:02:35]} 29. Bd6 {[%clk 0:03:48]} Rd8 {[%clk 0:02:06]} 30. Rxg7+
{[%clk 0:04:10]} Kxg7 {[%clk 0:02:22]} 31. Be5+ {[%clk 0:04:39]} Kf7
{[%clk 0:02:42]} 32. Bxc3 {[%clk 0:05:06]} Rc4 {[%clk 0:02:27]} 33. Be5
{[%clk 0:04:49]} Rd2 {[%clk 0:01:09]} 34. Bf4 {[%clk 0:04:14]} Rb2
{[%clk 0:01:01]} 35. Ra1 {[%clk 0:04:10]} Rcc2 {[%clk 0:00:44]} 36. Ra7+
{[%clk 0:04:27]} Kf6 {[%clk 0:01:06]} 37. Be3 {[%clk 0:04:28]} Rb1+
{[%clk 0:00:47]} 38. Kh2 {[%clk 0:04:56]} Rc4 {[%clk 0:00:53]} 39. g4
{[%clk 0:03:08]} b5 {[%clk 0:00:41]} 40. Rxh7 {[%clk 0:30:58]} b4
{[%clk 0:30:38]} 41. Kg3 {[%clk 0:20:29]} Ke5 {[%clk 0:16:02]} 42. Rd7
{[%clk 0:20:01]} Kf6 {[%clk 0:11:57]} 43. h4 {[%clk 0:15:25]} g5 {[%clk 0:09:14]}
44. Bxg5+ {[%clk 0:15:23]} Kg6 {[%clk 0:09:37]} 45. f4 {[%clk 0:15:16]} Rg1
{[%clk 0:07:48]} 46. h5# {[%clk 0:15:41]} 1-0

[Event "MP do 18 lat - chlopcy"]
[Site "Sypniewo"]
[Date "2022.03.19"]
[Round "1.5"]
[White "Panek, Bartosz"]
[Black "Fiedorek, Michal"]
[Result "1/2-1/2"]
[BlackElo "2317"]
[WhiteElo "2010"]
[LiveChessVersion "1.4.8"]

1. e4 {[%clk 1:30:55]} c6 {[%clk 1:30:55]} 2. d4 {[%clk 1:31:15]} d5
{[%clk 1:31:19]} 3. exd5 {[%clk 1:31:38]} cxd5 {[%clk 1:31:43]} 4. Bd3
{[%clk 1:32:03]} Nc6 {[%clk 1:31:54]} 5. c3 {[%clk 1:32:24]} Nf6 {[%clk 1:31:18]}
6. Ne2 {[%clk 1:32:19]} Bg4 {[%clk 1:28:27]} 7. Qb3 {[%clk 1:32:33]} Qd7
{[%clk 1:24:53]} 8. h3 {[%clk 1:31:56]} Bxe2 {[%clk 1:15:11]} 9. Bxe2
{[%clk 1:32:16]} e6 {[%clk 1:15:21]} 10. Bf4 {[%clk 1:19:47]} Be7
{[%clk 1:05:55]} 11. Nd2 {[%clk 1:16:09]} O-O {[%clk 1:05:49]} 12. O-O
{[%clk 1:15:04]} a6 {[%clk 0:58:11]} 13. a4 {[%clk 1:07:44]} Rfc8
{[%clk 0:49:37]} 14. Rfe1 {[%clk 0:33:54]} Bd6 {[%clk 0:34:56]} 15. Bxd6
{[%clk 0:30:53]} Qxd6 {[%clk 0:35:19]} 16. a5 {[%clk 0:30:40]} Qc7
{[%clk 0:29:08]} 17. Qa3 {[%clk 0:25:41]} Qf4 {[%clk 0:27:33]} 18. Nb3
{[%clk 0:19:38]} Ne4 {[%clk 0:27:09]} 19. Bf3 {[%clk 0:19:23]} Nd2
{[%clk 0:24:49]} 20. Nxd2 {[%clk 0:18:47]} Qxd2 {[%clk 0:25:09]} 21. Re3
{[%clk 0:13:50]} Qc2 {[%clk 0:21:45]} 22. Re2 {[%clk 0:14:14]} Qf5
{[%clk 0:18:42]} 23. Qb3 {[%clk 0:14:30]} Rab8 {[%clk 0:17:49]} 24. Qb6
{[%clk 0:13:20]} Qf4 {[%clk 0:11:22]} 25. Rae1 {[%clk 0:09:27]} g6
{[%clk 0:09:16]} 26. Ra1 {[%clk 0:08:00]} Qc7 {[%clk 0:07:26]} 27. Qxc7
{[%clk 0:07:14]} Rxc7 {[%clk 0:07:52]} 28. Rd2 {[%clk 0:06:57]} Na7
{[%clk 0:07:10]} 29. Be2 {[%clk 0:05:41]} Kf8 {[%clk 0:05:38]} 30. Kf1
{[%clk 0:05:43]} Ke7 {[%clk 0:05:07]} 31. Ra3 {[%clk 0:05:56]} Kd6
{[%clk 0:03:59]} 32. Rb3 {[%clk 0:04:04]} Nc6 {[%clk 0:03:35]} 33. Ra3
{[%clk 0:04:13]} Rf8 {[%clk 0:02:44]} 34. Ke1 {[%clk 0:03:45]} f5
{[%clk 0:02:24]} 35. Kd1 {[%clk 0:00:50]} g5 {[%clk 0:02:00]} 36. Bf3
{[%clk 0:00:34]} Rg7 {[%clk 0:01:39]} 37. Be2 {[%clk 0:00:36]} Rh8
{[%clk 0:01:53]} 38. b4 {[%clk 0:00:46]} Na7 {[%clk 0:01:04]} 39. Rb2
{[%clk 0:00:46]} Kc6 {[%clk 0:00:41]} 40. b5+ {[%clk 0:30:32]} axb5
{[%clk 0:30:50]} 41. Rab3 {[%clk 0:30:43]} Rc7 {[%clk 0:21:53]} 42. Bxb5+
{[%clk 0:30:26]} Nxb5 {[%clk 0:21:41]} 43. Rxb5 {[%clk 0:30:50]} Ra8
{[%clk 0:21:49]} 44. Kd2 {[%clk 0:19:09]} Kd7 {[%clk 0:20:39]} 45. Kd3
{[%clk 0:16:34]} 1/2-1/2

[Event "MP do 18 lat - chlopcy"]
[Site "Sypniewo"]
[Date "2022.03.19"]
[Round "1.6"]
[White "Ochedzan, Tymon"]
[Black "Syrkiewicz, Michal"]
[Result "1-0"]
[BlackElo "1988"]
[WhiteElo "2308"]
[LiveChessVersion "1.4.8"]

1. e4 {[%clk 1:30:56]} c5 {[%clk 1:30:48]} 2. Nf3 {[%clk 1:31:20]} e6
{[%clk 1:30:55]} 3. d4 {[%clk 1:31:34]} cxd4 {[%clk 1:31:12]} 4. Nxd4
{[%clk 1:31:56]} a6 {[%clk 1:31:18]} 5. Bd3 {[%clk 1:31:28]} Qb6 {[%clk 1:30:18]}
6. Nb3 {[%clk 1:28:13]} d6 {[%clk 1:28:53]} 7. O-O {[%clk 1:26:01]} Nf6
{[%clk 1:26:43]} 8. c4 {[%clk 1:21:04]} Nbd7 {[%clk 1:23:42]} 9. Nc3
{[%clk 1:17:55]} Be7 {[%clk 1:20:25]} 10. Qe2 {[%clk 1:15:41]} O-O
{[%clk 1:16:34]} 11. Kh1 {[%clk 1:10:02]} Qc7 {[%clk 1:07:35]} 12. f4
{[%clk 1:08:39]} b6 {[%clk 1:02:12]} 13. Bd2 {[%clk 1:07:06]} Bb7
{[%clk 0:58:49]} 14. Rae1 {[%clk 1:06:20]} g6 {[%clk 0:45:46]} 15. e5
{[%clk 0:49:30]} Nh5 {[%clk 0:33:32]} 16. exd6 {[%clk 0:39:03]} Bxd6
{[%clk 0:31:16]} 17. Be4 {[%clk 0:32:16]} Bxe4 {[%clk 0:26:47]} 18. Nxe4
{[%clk 0:27:58]} Bxf4 {[%clk 0:21:18]} 19. Bxf4 {[%clk 0:23:40]} Nxf4
{[%clk 0:21:25]} 20. Qd2 {[%clk 0:23:34]} Nh5 {[%clk 0:16:39]} 21. g4
{[%clk 0:23:03]} f5 {[%clk 0:15:27]} 22. gxh5 {[%clk 0:22:47]} fxe4
{[%clk 0:15:46]} 23. hxg6 {[%clk 0:21:25]} Ne5 {[%clk 0:09:33]} 24. gxh7+
{[%clk 0:18:33]} Kxh7 {[%clk 0:09:03]} 25. Qe2 {[%clk 0:16:17]} Rf5
{[%clk 0:07:52]} 26. Rxf5 {[%clk 0:11:57]} exf5 {[%clk 0:08:16]} 27. Qh5+
{[%clk 0:11:54]} Kg7 {[%clk 0:08:29]} 28. Nd4 {[%clk 0:10:42]} Qf7
{[%clk 0:06:31]} 29. Rg1+ {[%clk 0:10:02]} Ng6 {[%clk 0:06:55]} 30. Nxf5+
{[%clk 0:10:19]} Kf6 {[%clk 0:07:14]} 31. Nd6 {[%clk 0:08:23]} Qg7
{[%clk 0:07:01]} 32. Qf5+ {[%clk 0:08:13]} Ke7 {[%clk 0:07:22]} 33. Rxg6
{[%clk 0:08:31]} 1-0

[Event "MP do 18 lat - chlopcy"]
[Site "Sypniewo"]
[Date "2022.03.19"]
[Round "1.7"]
[White "Kaliszuk, Kamil"]
[Black "Poltorak, Sebastian"]
[Result "0-1"]
[BlackElo "2303"]
[WhiteElo "1963"]
[LiveChessVersion "1.4.8"]

1. e4 {[%clk 1:30:55]} c6 {[%clk 1:30:49]} 2. d4 {[%clk 1:30:55]} d5
{[%clk 1:31:14]} 3. e5 {[%clk 1:30:52]} c5 {[%clk 1:31:38]} 4. dxc5
{[%clk 1:30:14]} e6 {[%clk 1:32:01]} 5. Be3 {[%clk 1:24:45]} Nd7 {[%clk 1:32:25]}
6. Bb5 {[%clk 1:24:46]} Qc7 {[%clk 1:29:58]} 7. b4 {[%clk 1:05:53]} b6
{[%clk 1:15:29]} 8. Nf3 {[%clk 0:52:41]} bxc5 {[%clk 1:15:20]} 9. Bxc5
{[%clk 0:44:38]} Bxc5 {[%clk 1:15:02]} 10. Bxd7+ {[%clk 0:42:16]} Bxd7
{[%clk 1:15:16]} 11. bxc5 {[%clk 0:42:38]} Bb5 {[%clk 1:11:08]} 12. Nc3
{[%clk 0:37:54]} Bc4 {[%clk 1:08:58]} 13. Ne2 {[%clk 0:37:19]} Ne7
{[%clk 1:08:15]} 14. O-O {[%clk 0:31:18]} Ng6 {[%clk 1:07:20]} 15. Re1
{[%clk 0:31:01]} Nxe5 {[%clk 1:05:03]} 16. Nxe5 {[%clk 0:30:24]} Qxe5
{[%clk 1:05:28]} 17. Nd4 {[%clk 0:30:21]} Qf6 {[%clk 0:57:35]} 18. c3
{[%clk 0:27:05]} O-O {[%clk 0:57:24]} 19. Qa4 {[%clk 0:26:30]} a6
{[%clk 0:49:51]} 20. Rab1 {[%clk 0:23:07]} Rac8 {[%clk 0:47:24]} 21. c6
{[%clk 0:16:58]} e5 {[%clk 0:44:54]} 22. Nf3 {[%clk 0:17:21]} Rfe8
{[%clk 0:44:33]} 23. c7 {[%clk 0:14:51]} Bb5 {[%clk 0:44:17]} 24. Qb3
{[%clk 0:13:34]} Bd3 {[%clk 0:38:10]} 25. Rbd1 {[%clk 0:11:47]} Bc4
{[%clk 0:38:24]} 26. Qa4 {[%clk 0:11:24]} e4 {[%clk 0:36:09]} 27. Nd4
{[%clk 0:10:24]} Qe5 {[%clk 0:35:24]} 28. f3 {[%clk 0:09:02]} e3 {[%clk 0:31:37]}
29. Qb4 {[%clk 0:02:43]} e2 {[%clk 0:28:39]} 30. Rc1 {[%clk 0:02:42]} Qe3+
{[%clk 0:28:59]} 0-1

[Event "MP do 18 lat - chlopcy"]
[Site "Sypniewo"]
[Date "2022.03.19"]
[Round "1.8"]
[White "Luczak, Filip"]
[Black "Jedrusik, Adam"]
[Result "1-0"]
[BlackElo "1937"]
[WhiteElo "2300"]
[LiveChessVersion "1.4.8"]

1. Nf3 {[%clk 1:30:58]} d5 {[%clk 1:30:55]} 2. c4 {[%clk 1:30:44]} c6
{[%clk 1:31:16]} 3. d4 {[%clk 1:30:08]} Nf6 {[%clk 1:31:27]} 4. Nbd2
{[%clk 1:28:57]} Bf5 {[%clk 1:31:40]} 5. Nh4 {[%clk 1:28:31]} Be6
{[%clk 1:32:06]} 6. e3 {[%clk 1:26:08]} g6 {[%clk 1:31:07]} 7. Be2
{[%clk 1:23:27]} Bg7 {[%clk 1:30:31]} 8. O-O {[%clk 1:23:16]} O-O
{[%clk 1:30:53]} 9. Nhf3 {[%clk 1:20:19]} dxc4 {[%clk 1:23:40]} 10. Ng5
{[%clk 1:12:49]} Bc8 {[%clk 1:20:01]} 11. Bxc4 {[%clk 1:11:21]} c5
{[%clk 1:20:04]} 12. Qb3 {[%clk 1:06:21]} e6 {[%clk 1:19:33]} 13. dxc5
{[%clk 1:04:45]} Qc7 {[%clk 1:16:12]} 14. Nde4 {[%clk 1:01:27]} Nxe4
{[%clk 1:09:30]} 15. Nxe4 {[%clk 1:01:49]} Nd7 {[%clk 1:09:58]} 16. Bd2
{[%clk 0:52:59]} b6 {[%clk 1:04:45]} 17. cxb6 {[%clk 0:51:18]} Nxb6
{[%clk 1:05:04]} 18. Bd3 {[%clk 0:45:19]} Rd8 {[%clk 1:01:54]} 19. Rac1
{[%clk 0:42:24]} Qe5 {[%clk 0:59:45]} 20. Bc3 {[%clk 0:41:05]} Rxd3
{[%clk 0:49:01]} 21. Bxe5 {[%clk 0:41:21]} Rxb3 {[%clk 0:49:29]} 22. Bxg7
{[%clk 0:41:18]} Rb4 {[%clk 0:48:34]} 23. Bd4 {[%clk 0:40:56]} Nd5
{[%clk 0:42:29]} 24. a3 {[%clk 0:37:08]} Rb3 {[%clk 0:39:38]} 25. Nc5
{[%clk 0:35:57]} Rb5 {[%clk 0:39:44]} 26. Rfd1 {[%clk 0:31:30]} f6
{[%clk 0:28:54]} 27. Rd2 {[%clk 0:27:53]} Kf7 {[%clk 0:28:10]} 28. Ne4
{[%clk 0:24:55]} Rbb8 {[%clk 0:24:24]} 29. Nd6+ {[%clk 0:24:42]} Ke7
{[%clk 0:23:47]} 30. Bc5 {[%clk 0:23:43]} Ba6 {[%clk 0:23:48]} 31. g3
{[%clk 0:21:05]} g5 {[%clk 0:20:40]} 32. e4 {[%clk 0:20:35]} Nb6 {[%clk 0:21:01]}
33. Nb5+ {[%clk 0:20:04]} 1-0

[Event "MP do 18 lat - chlopcy"]
[Site "Sypniewo"]
[Date "2022.03.19"]
[Round "1.9"]
[White "Kalkowski, Igor"]
[Black "Seemann, Jakub"]
[Result "0-1"]
[BlackElo "2298"]
[WhiteElo "1934"]
[LiveChessVersion "1.4.8"]

1. e4 {[%clk 1:30:56]} c5 {[%clk 1:30:54]} 2. Nc3 {[%clk 1:31:20]} Nc6
{[%clk 1:31:20]} 3. Nge2 {[%clk 1:31:43]} d6 {[%clk 1:31:13]} 4. d4
{[%clk 1:32:06]} cxd4 {[%clk 1:31:37]} 5. Nxd4 {[%clk 1:32:33]} Nf6
{[%clk 1:31:59]} 6. h3 {[%clk 1:32:59]} e5 {[%clk 1:23:57]} 7. Nf3
{[%clk 1:33:21]} h6 {[%clk 1:21:26]} 8. Bc4 {[%clk 1:33:39]} Be7 {[%clk 1:21:32]}
9. Qd3 {[%clk 1:29:03]} O-O {[%clk 1:19:23]} 10. a3 {[%clk 1:29:03]} Be6
{[%clk 1:17:37]} 11. Bd5 {[%clk 1:08:28]} Rc8 {[%clk 1:10:26]} 12. O-O
{[%clk 1:08:36]} Na5 {[%clk 0:49:42]} 13. Nd2 {[%clk 0:43:09]} Nxd5
{[%clk 0:44:54]} 14. Nxd5 {[%clk 0:30:59]} Bxd5 {[%clk 0:43:54]} 15. exd5
{[%clk 0:28:30]} Qc7 {[%clk 0:44:08]} 16. c3 {[%clk 0:28:02]} f5 {[%clk 0:43:17]}
17. Rb1 {[%clk 0:23:18]} Bg5 {[%clk 0:39:05]} 18. g3 {[%clk 0:22:44]} Bxd2
{[%clk 0:38:20]} 19. Bxd2 {[%clk 0:23:07]} Nb3 {[%clk 0:38:32]} 20. Be3
{[%clk 0:15:25]} a6 {[%clk 0:33:21]} 21. f4 {[%clk 0:14:43]} e4 {[%clk 0:33:35]}
22. Qe2 {[%clk 0:14:53]} b5 {[%clk 0:33:18]} 23. g4 {[%clk 0:14:28]} Qc4
{[%clk 0:28:23]} 24. Qd1 {[%clk 0:13:50]} a5 {[%clk 0:28:05]} 25. Kh1
{[%clk 0:12:58]} Rce8 {[%clk 0:25:24]} 26. Rg1 {[%clk 0:13:10]} Re7
{[%clk 0:21:09]} 27. gxf5 {[%clk 0:08:29]} Rxf5 {[%clk 0:21:24]} 28. Qg4
{[%clk 0:08:53]} Ref7 {[%clk 0:18:08]} 29. Rbd1 {[%clk 0:08:22]} h5
{[%clk 0:14:51]} 30. Qg6 {[%clk 0:08:08]} Rxd5 {[%clk 0:13:20]} 31. Rde1
{[%clk 0:06:20]} Qc8 {[%clk 0:12:48]} 32. Rg3 {[%clk 0:06:09]} Qf5
{[%clk 0:10:36]} 33. Qh6 {[%clk 0:06:35]} Nc5 {[%clk 0:05:22]} 34. Reg1
{[%clk 0:05:40]} Qh7 {[%clk 0:04:08]} 35. Qxh7+ {[%clk 0:03:46]} Kxh7
{[%clk 0:04:32]} 36. Rg6 {[%clk 0:03:29]} Rd3 {[%clk 0:03:07]} 37. Bd4
{[%clk 0:03:27]} Rxh3+ {[%clk 0:03:18]} 38. Kg2 {[%clk 0:03:54]} Kxg6
{[%clk 0:02:12]} 39. Kxh3+ {[%clk 0:04:20]} Kf5 {[%clk 0:02:33]} 40. Bxg7
{[%clk 0:34:44]} Ne6 {[%clk 0:32:11]} 41. Bh6 {[%clk 0:34:59]} Rh7
{[%clk 0:31:42]} 0-1